000 00245nam a2200097Ia 4500
008 220204s9999 xx 000 0 und d
082 _a341.71(595)
_bFOR;1
245 0 _aForeign affairs Malaysia
260 _aMalaysia
_bForeign affairs
942 _cBK
999 _c22188
_d22188